| 000 | 01355nam a2200193Ia 4500 | ||
|---|---|---|---|
| 001 | 19747 | ||
| 003 | GE_BSU | ||
| 008 | 181216s||||||||xx |||||||||||||| ||und|| | ||
| 040 | _cGE_BSU | ||
| 245 | _aსაქართველოს უზენაესი სასამართლოს გადაწყვეტილებანი ადმინისტრაციულ საქმეებზე 10. სოციალური დავები. 2016 | ||
| 250 | _aჟურნალი გამოდის საქართველოს უზენაესი სასამართრლოსა და საქართველოს იუსტიციის უმაღლესი საბჭოს საერთო სასამართლოების დეპარტამენტის მხარდაჭერით. | ||
| 260 | _aთბილისი | ||
| 260 | _c2016 | ||
| 300 | _a220გვ. ; 21სმ.. | ||
| 653 | _aსამართალი | ||
| 653 | _aსაქართველოს უზენაესი სასამართლოს გადაწყვეტილებანი ადმინისტრაციულ საქმეებზე 10. საკუთრება. 2016 | ||
| 653 | _aსოციალური დავები | ||
| 942 | _cCR | ||
| 999 |
_c52722 _d52722 |
||